Tratado de anatomía general (Record no. 158480)

MARC details
000 -LEADER
campo de control de longitud fija 00892nam a22001815i 4500
001 - NÚMERO DE CONTROL
campo de control 158480
003 - IDENTIFICADOR DE NÚMERO DE CONTROL
campo de control ES-MaACL
005 - FECHA Y HORA DE LA ÚLTIMA TRANSACCIÓN
campo de control 20250717090743.0
008 - DATOS DE LONGITUD FIJA--INFORMACIÓN GENERAL
campo de control de longitud fija 940202s1872 sp |||| | spa d
040 ## - FUENTE DE CATALOGACIÓN
Centro catalogador/agencia de origen AS
Lengua de catalogación spa
100 1# - ENTRADA PRINCIPAL--NOMBRE DE PERSONA
Nombre de persona Maestre de San Juan, Aureliano.
9 (RLIN) 129331
245 10 - MENCIÓN DEL TÍTULO
Título Tratado de anatomía general
Resto del título : que comprende el estudio de los principios inmediatos, elementos anatómicos, liquidos del organismo, tejidos, sistemas y aparatos orgánicos : precedido del conocimiento y manejo del microscopio, de la preparación y conservación de objetos micrográficos, acción de los reactivos sobre los tejidos e inyecciones finas /
Mención de responsabilidad, etc. por el doctor Aureliano Maestre-de San Juan.
260 ## - PUBLICACIÓN, DISTRIBUCIÓN, ETC.
Lugar de publicación, distribución, etc. Madrid :
Nombre del editor, distribuidor, etc. Moya y Plaza,
Fecha de publicación, distribución, etc. 1872.
300 ## - DESCRIPCIÓN FÍSICA
Extensión 1039 p. :
Otras características físicas il. ;
Dimensiones 22 cm.
650 #7 - PUNTO DE ACCESO ADICIONAL DE MATERIA--TÉRMINO DE MATERIA
Término de materia o nombre geográfico como elemento de entrada Anatomía
Fuente del encabezamiento o término embne
9 (RLIN) 9800
852 ## - LOCALIZACIÓN
Ubicación ES-MaACL
Número de control de estantería F-12759
Nota libre -- Enc. tela
Holdings
Estatus retirado Estado de pérdida Estado de daño No para préstamo Colección Biblioteca de origen Biblioteca actual Ubicación en estantería Fecha de adquisición Fuente de adquisición Total de préstamos Signatura topográfica completa Código de barras Visto por última vez Precio de reemplazo Tipo de ítem Koha
        Libros del s. XIX Biblioteca del Ateneo de Madrid Biblioteca del Ateneo de Madrid Sala Pecera Planta 2 17/01/2008     F-12759 1165876 23/02/2023 23/02/2023 Libro impreso antiguo